Statistics for Science Fiction by Letter: G

Click here to take the quiz!

General Stats

  • This quiz has been taken 84 times
    (83 since last reset)
  • The average score is 12 of 17

Answer Stats

HintAnswer% Correct
A long time ago, in a (blank) far far awayGalaxy
100%
This 1984 comedy about a team who clean up paranormal activity was re-imagined in 2016 with an all female cast.Ghostbusters
99%
This Japanese monster classic is famous for tromping Tokyo.Godzilla
99%
The color of Spock's Vulcan bloodGreen
97%
This Marvel franchise follows Star Lord and his crew.Guardians of the Galaxy
93%
The tree-like character in the above franchise who has an extremely limited vocabularyGroot
90%
Classic space fantasy hero Flash's last nameGordon
89%
The first name of the actor who played Sulu on Star Trek.George
70%
This 1999 Star Trek spoof starred Tim Allen and Alan Rickman.Galaxy Quest
69%
This 1997 film about the future of genetic profiling starred Uma Thurman and Ethan Hawke.Gattaca
69%
The green-skinned woman in the above franchise played by Zoe Saldana.Gamora
68%
This green-skinned alien threatened Han Solo at gunpoint in the Star Wars cantina.Greedo
63%
This influencial Japanese anime was turned into a feature film starring Scarlett Johansson in 2017.Ghost in the Shell
48%
This 2017 horror sci fi thriller written and directed by Jordan Peele shows a cult of people who have created the technology to plant one mind into another person's body.Get Out
32%
This croc-like alien faced off against Captain Kirk to the death in the original Star Trek.Gorn
32%
Author of the cyberpunk classic, Neuromancer.William Gibson
23%
This word from Heinlein's Stranger in a Strange Land has entered the English language to mean being able to wrap one's head around something and understand it through empathy..Grok
14%

Score Distribution

Percentile by Number Answered

Percent of People with Each Score

Your Score History

You have not taken this quiz since the last reset